000 00366nam a2200145Ia 4500
008 210210b1984 xxu||||| |||| 00| 0 eng d
082 _a512.24 GOPC
100 _aGOPALAKRISHNAN (N S).
245 _aCommutative algebra.
260 _aND
_bOxanian press pvt ltd
_c1984
300 _aviii,290
650 _aCommutative algebra
690 _aAlgebra
906 _a039120
999 _c89166
_d89166